| Tag |
First Indicator |
Second Indicator |
Subfields |
| LEADER |
00000cam a2200000 i 4500 |
| 001 |
in00004155083 |
| 005 |
20200729073321.0 |
| 006 |
m do | | |
| 007 |
cr ||||||||||| |
| 008 |
200218t20202020enk ob 001 0 eng |
| 010 |
|
|
|a 2019058845
|
| 020 |
|
|
|a 9780429279720
|q electronic book
|
| 020 |
|
|
|a 0429279728
|q electronic book
|
| 020 |
|
|
|a 9781000061239
|q electronic book
|
| 020 |
|
|
|a 100006123X
|q electronic book
|
| 020 |
|
|
|a 9781000061130
|q electronic book
|
| 020 |
|
|
|a 1000061132
|q electronic book
|
| 020 |
|
|
|a 9781000061185
|q electronic book
|
| 020 |
|
|
|a 1000061183
|q electronic book
|
| 020 |
|
|
|z 9780367234102
|q hardcover
|
| 024 |
8 |
|
|a 40029888523
|
| 035 |
|
|
|a (DLC)ybp16592639
|
| 037 |
|
|
|a 9780429279720
|b Taylor & Francis
|
| 040 |
|
|
|a NhCcYBP
|c NhCcYBP
|d UtOrBLW
|
| 042 |
|
|
|a pcc
|
| 050 |
|
4 |
|a HD30.4
|b .R479 2020
|
| 072 |
|
7 |
|a BUS
|x 000000
|2 bisacsh
|
| 072 |
|
7 |
|a BUS
|x 041000
|2 bisacsh
|
| 072 |
|
7 |
|a BUS
|x 085000
|2 bisacsh
|
| 072 |
|
7 |
|a KJU
|2 bicssc
|
| 082 |
0 |
0 |
|a 302.3/5
|2 23
|
| 245 |
0 |
0 |
|a Rethinking culture, organization and management /
|c edited by Robert McMurray and Alison Pullen.
|
| 264 |
|
1 |
|a Abingdon, Oxon ;
|a New York, NY :
|b Routledge,
|c 2020.
|
| 264 |
|
4 |
|c ©2020
|
| 300 |
|
|
|a 1 online resource.
|
| 336 |
|
|
|a text
|b txt
|2 rdacontent
|
| 337 |
|
|
|a computer
|b c
|2 rdamedia
|
| 338 |
|
|
|a online resource
|b cr
|2 rdacarrier
|
| 490 |
1 |
|
|a Routledge focus on women writers in organization studies
|
| 500 |
|
|
|a "Routledge Focus" -- taken from front cover.
|
| 504 |
|
|
|a Includes bibliographical references and index.
|
| 545 |
0 |
|
|a Robert McMurray is Professor of Work and Organization at The York Management School, UK. Alison Pullen is Professor of Management and Organization Studies at Macquarie Business School, Sydney, Australia.
|
| 505 |
8 |
|
|a Donna Haraway: a biographical sketch -- Universalism versus relativism -- Feminist objectivity, situated knowledges, and the partial perspective -- The study of the 'other' woman in organization and management studies -- Concluding remarks -- Recommended reading -- References -- Index
|
| 588 |
|
|
|a Description based on online resource; title from digital title page (viewed on April 10, 2020).
|
| 500 |
|
|
|a Electronic resource.
|
| 650 |
|
0 |
|a Management
|x Study and teaching.
|
| 650 |
|
0 |
|a Corporate culture.
|0 http://id.loc.gov/authorities/subjects/sh85032896
|
| 650 |
|
0 |
|a Organizational sociology
|x Study and teaching.
|
| 650 |
|
0 |
|a Objectivity.
|0 http://id.loc.gov/authorities/subjects/sh85093660
|
| 655 |
|
7 |
|a Electronic books.
|2 local
|
| 700 |
1 |
|
|a McMurray, Robert,
|d 1972-
|e editor.
|0 http://id.loc.gov/authorities/names/no2018114930
|
| 700 |
1 |
|
|a Linstead, Alison,
|d 1971-
|e editor.
|0 http://id.loc.gov/authorities/names/n2004151114
|
| 710 |
2 |
|
|a Taylor & Francis.
|0 http://id.loc.gov/authorities/names/n84073022
|
| 776 |
1 |
8 |
|i Print version:
|t Rethinking culture, organization and management
|d Abingdon, Oxon ; New York, NY : Routledge, 2020.
|z 9780367234102
|w (DLC) 2019058844
|
| 830 |
|
0 |
|a Routledge focus on women writers in organization studies.
|0 http://id.loc.gov/authorities/names/no2019184931
|
| 856 |
4 |
0 |
|u http://proxy.library.tamu.edu/login?url=https://www.taylorfrancis.com/books/9780429279720
|z Connect to the full text of this electronic book
|t 0
|
| 955 |
|
|
|a YBP purchased approval e-records
|
| 980 |
|
|
|b 77.00
|g 1
|
| 999 |
f |
f |
|s 1b676410-c0bd-3230-9aba-01e5974d0432
|i b16bcec5-27f0-3614-b5c2-a680c2ca8dbc
|t 0
|
| 952 |
f |
f |
|a Texas A&M University
|b College Station
|c Electronic Resources
|d Available Online
|t 0
|e HD30.4 .R479 2020
|h Library of Congress classification
|
| 998 |
f |
f |
|a HD30.4 .R479 2020
|t 0
|l Available Online
|